Las lenguas del área intermedia: introducción a su estudio areal

Salvato in:
Dettagli Bibliografici
Autore principale: Constenla Umaña, Adolfo
Natura: Libro
Lingua:Undetermined
Pubblicazione: San José, Costa Rica Universidad de Costa Rica 1991
Soggetti:
Tags: Aggiungi Tag
Nessun Tag, puoi essere il primo ad aggiungerne!!

MARC

LEADER 00000nam a2200000Ia 4500
008 170316s9999 xx 000 0 und d
090 |a 410 C-16L 
100 |a Constenla Umaña, Adolfo 
245 |a Las lenguas del área intermedia: introducción a su estudio areal 
260 |a San José, Costa Rica 
260 |b Universidad de Costa Rica 
260 |c 1991 
300 |a 216 páginas 
650 |a LINGÜÍSTICA 
999 |c 18276  |d 18276 
040 |a cru BVZT 
942 |c 15 D  |h 410 C-16L  |2 z